| 000 | 00615nam a2200229Ia 4500 | ||
|---|---|---|---|
| 003 | ARRUPE | ||
| 005 | 20160223115405.0 | ||
| 008 | 130307s9999 xx 000 0 und d | ||
| 040 | _cARRUPELIB | ||
| 050 | _aMT6.B12M8 1957 | ||
| 100 |
_aAnderson, W.R. ...et al. _922423 |
||
| 245 | 4 | _aThe musical companion | |
| 245 | _ba compendium for all lovers of music | ||
| 260 | _aLondon | ||
| 260 | _bVictor Gollancz Ltd | ||
| 260 | _c1957 | ||
| 300 | _a751p. | ||
| 300 | _b23 cm. | ||
| 650 |
_bPhilosophy and social sciences _9622 |
||
| 700 |
_aBacharach, Alfred Louis (ed.) _922424 |
||
| 942 |
_2lcc _cMONOGRAPH |
||
| 999 |
_c101969 _d101969 |
||